Statistiques concernant Joueur de football par emojis

Cliquez ici pour prendre le quiz!

Statistiques générales

  • Ce quiz a été pris 338 fois
  • Le résultat moyen est 15 sur 20

Statistiques - réponses

HintRéponse% Correct
🇫🇷7️⃣🤙Antoine Griezmann
92%
🐐🇦🇷🔟Lionel Messi
92%
🇵🇹7️⃣🐐Cristiano Ronaldo
91%
🤖🇳🇴9️⃣Erling Haaland
88%
🇺🇾9️⃣🧛Luis Suárez
82%
🇫🇷6️⃣⛏️Paul Pogba
82%
🇮🇹6️⃣🦉Marco Verratti
81%
🏴󠁧󠁢󠁷󠁬󠁳󠁿1️⃣1️⃣⛳️Gareth Bale
80%
🇳🇱9️⃣🎶🦁Memphis Depay
78%
🏴󠁧󠁢󠁥󠁮󠁧󠁿9️⃣❌🏆Harry Kane
77%
🇯🇵🔟🌍Keisuke Honda
76%
🇧🇷🕺🔟Lucas Paquetá
72%
🇫🇷🔟Ⓜ️Dimitri Payet
71%
🇧🇦⬆️9️⃣Edin Džeko
65%
🇦🇲2️⃣2️⃣Henrikh Mkhitaryan
64%
🇧🇷8️⃣☄️Juninho
63%
🇪🇸8️⃣🧙Sergio Busquets
61%
🧑‍🦲🧠🇪🇸Pep Guardiola
60%
🦊🏴󠁧󠁢󠁥󠁮󠁧󠁿9️⃣Jamie Vardy
59%
🇭🇷7️⃣7️⃣💣Marcelo Brozović
58%

Distribution des résultats

Percentile par nombre de réponses

% des personnes avec chaque résultat

Votre développement - résultats

Vous n’avez pas pris ce quiz